| 000 | 00747nam a2200229 a 4500 | ||
|---|---|---|---|
| 001 | 000010305 | ||
| 005 | 20240412074216.0 | ||
| 008 | 091006s1975 dr ac 001 p spa d | ||
| 040 |
_aDO-SdBNP _bspa _cBNPHU |
||
| 082 |
_aRD861.5 _bH557vo |
||
| 100 | 1 |
_aHernández Mejía, Edgardo, _d1965- _925323 |
|
| 245 | 1 | 0 |
_aVoz de medio mundo / _cEdgardo Hernández M. |
| 260 |
_aSanto Domingo : _bTaller, _c1975. |
||
| 300 |
_a59 p. : _bil; retrs. ; _c20 cm. |
||
| 490 | 1 |
_aBiblioteca taller _v62 |
|
| 500 | _aIncluye datos biográficos del autor | ||
| 590 | _aInventariado, 2018/LP | ||
| 650 | 0 |
_aPoesía dominicana _966 |
|
| 650 | 0 |
_aLiteratura dominicana. _967 |
|
| 830 | 0 |
_aBiblioteca taller ; _n62 _925324 |
|
| 910 | _aValidado. Control de calidad MFF | ||
| 999 |
_c10064 _d10064 |
||